English Scorers in 2010s Champions League - Statistics

General Stats
  • This quiz has been taken 381 times
  • The average score is 20 of 36
Answer Stats
Player Team Gls % Correct
Harry Kane Tottenham 14
99%
Wayne Rooney Manchester Utd 15
99%
Raheem Sterling Manchester City 14
91%
Frank Lampard Chelsea 5
88%
Jamie Vardy Leicester City 2
86%
Steven Gerrard Liverpool 2
75%
John Terry Chelsea 4
74%
Theo Walcott Arsenal 11
73%
Danny Welbeck Manchester Utd, Arsenal 7
70%
Marcus Rashford Manchester Utd 5
70%
Alex Oxlade-Chamberlain Arsenal, Liverpool 6
69%
Jadon Sancho Dortmund 1
69%
James Milner Manchester City, Liverpool 4
69%
Paul Scholes Manchester Utd 3
66%
Daniel Sturridge Chelsea, Liverpool 4
65%
Jordan Henderson Liverpool 1
64%
Dele Alli Tottenham 3
63%
Trent Alexander-Arnold Liverpool 1
56%
John Stones Manchester City 4
55%
Michael Carrick Manchester Utd 2
53%
Gary Cahill Chelsea 4
51%
Jack Wilshere Arsenal 4
51%
Phil Foden Manchester City 1
51%
Jermain Defoe Tottenham 2
49%
Phil Jones Manchester Utd 2
49%
Peter Crouch Tottenham 4
48%
Marc Albrighton Leicester City 2
45%
Ashley Young Manchester Utd 1
39%
Chris Smalling Manchester Utd 2
39%
Michael Owen Manchester Utd 4
32%
Kieran Gibbs Arsenal 1
26%
Rickie Lambert Liverpool 1
16%
Scott Sinclair Celtic 1
14%
Sol Campbell Arsenal 1
12%
Gary Hooper Celtic 2
10%
Patrick Roberts Celtic 2
8%
No matching quizzes found
Score Distribution
Percent of People with Each Score
Percentile by Number Answered
Your Score History
You have not taken this quiz